[Event "8th Danzhou Super GM 2017"]
[Site "Hainan"]
[Date "2017.07.18"]
[Round "9"]
[White "Yu, Yangyi"]
[Black "Malakhov, Vladimir"]
[Result "1-0"]
[WhiteElo "2753"]
[BlackElo "2722"]
[Annotator "TA"]
[PlyCount "131"]
[EventDate "2017.??.??"]
[EventCountry "CHN"]
[SourceTitle "playchess.com"]
[Source "ChessBase"]
[SourceQuality "1"]

{[%evp 20,131,20,20,41,11,19,13,23,0,8,0,0,0,4,5,29,10,13,0,0,0,0,-10,-20,-29,30,34,33,34,154,137,127,135,198,208,217,231,226,220,232,227,226,222,231,233,218,199,190,182,183,160,255,240,277,297,295,297,268,277,337,297,328,137,147,143,134,136,112,119,124,12,64,62,83,68,312,304,333,318,320,95,443,299,283,240,245,195,193,176,1135,1263,1191,612,515,460,772,403,616,524,1444,838,29977,29978,29978,29979,29978,29978,29983,29984,29984,29985,29985,29985]} 1. d4 d5 2. c4 c6 3. Nf3 Nf6 4. Nc3 a6 5. c5 Nbd7 6. Bf4 Nh5 7. Bd2 Nhf6 {D15: Slav Defence: 4 Nc3 a6 and gambit lines after 4 Nc3 dxc4} 8. Qc2 g6 9. g3 Bg7 10. Bg2 O-O 11. O-O {LiveBook: 36 Games} b6 12. b4 a5 $146 ({Predecessor:} 12... Re8 13. e4 Nxe4 14. Nxe4 dxe4 15. Qxe4 {0-1 (53) Nyback,T (2644)-Malakhov,V (2692) Budva 2009}) 13. a3 Re8 14. Bf4 Nh5 15. Bg5 h6 16. Bd2 bxc5 17. bxc5 e5 18. dxe5 Nxe5 19. Nd4 Qc7 20. Na4 Nc4 21. Bc3 Nf6 22. Rfb1 Ba6 (22... Ne4 $142) 23. Nb6 $11 Rab8 24. e3 Kh7 (24... Ne5 $14) 25. Nxc4 $16 Bxc4 {[#]} 26. Nf5 $1 {[%mdl 512]} Bh8 (26... Nh5 $16) (26... gxf5 27. Qxf5+) 27. Nd6 $18 Rf8 28. Nxc4 dxc4 29. Bd4 Nd7 30. Qxc4 Bxd4 31. exd4 Nf6 32. Qa6 Qd7 33. Rd1 (33. Qxa5 $6 Qxd4 34. Rd1 (34. Bxc6 Ng4 $16) 34... Qe5) 33... Nd5 34. Qxa5 Rb2 35. Rab1 Rfb8 (35... Ra2 $16 {might work better.}) 36. Qe1 Qf5 37. Be4 Qe6 38. Rxb2 Rxb2 39. a4 Nf6 40. Bg2 Qb3 41. d5 ({Less strong is} 41. Bxc6 Ng4 $16) (41. Ra1 $18) 41... Nxd5 $16 42. Bxd5 cxd5 {[%mdl 4096] Endgame KQR-KQR} 43. c6 d4 44. c7 $36 {[%mdl 2048] White is in control.} Rc2 45. Rc1 (45. Rxd4 $16 Rxc7 46. a5) 45... d3 (45... Qe6 $11) 46. Rxc2 Qxc2 $14 {KQ-KQ} 47. Qe7 Kg7 $2 {[#]} (47... Qc1+ $14 48. Kg2 Qc6+ 49. f3 Kg7) 48. Qe5+ $1 $18 Kh7 49. Qf4 Kg8 50. Qd6 $2 ({And not} 50. Qxh6 Qb1+ 51. Kg2 Qb7+ 52. Kg1 Qb1+ 53. Kg2 Qb7+ 54. Kg1 Qb1+ $11) (50. h4 $18 {is more deadly.}) 50... d2 $2 {[%mdl 8192]} (50... Qb1+ $16 {is tougher.} 51. Kg2 Qb7+ 52. f3 d2) 51. Qxd2 Qxd2 52. c8=Q+ {KQ-KQ} Kg7 53. Qa8 h5 54. h3 {a5 is the strong threat.} f5 $2 (54... h4) 55. a5 f4 56. Qa7+ Kh6 {[#]} 57. gxf4 $1 Qd1+ (57... Qe1+ $142 58. Kh2 Qd2) 58. Kg2 Qd5+ 59. Kg3 Qd3+ 60. Qe3 Qd6 61. Qe5 {[%cal Re5h8] White mates.} Qd3+ 62. Kg2 {[%cal Re5h8]} Kh7 63. Qe6 Qd2 64. a6 Qd4 65. Qe7+ Kh6 66. Qe5 {Precision: White = 64%, Black = 41%.} 1-0

[Event "8th Danzhou Super GM 2017"]
[Site "Hainan"]
[Date "2017.07.18"]
[Round "9"]
[White "Wei, Yi"]
[Black "Le, Quang Liem"]
[Result "1/2-1/2"]
[WhiteElo "2738"]
[BlackElo "2726"]
[Annotator "TA"]
[PlyCount "36"]
[EventDate "2017.??.??"]
[EventCountry "CHN"]
[SourceTitle "playchess.com"]
[Source "ChessBase"]
[SourceQuality "1"]

{[%evp 22,36,22,12,47,27,25,25,26,20,51,18,19,0,45,0,27]} 1. e4 e5 2. Nf3 Nc6 3. Bb5 Nf6 4. O-O Nxe4 5. Re1 Nd6 6. Nxe5 Be7 7. Bf1 Nf5 {C67: Ruy Lopez: Berlin Defence: 4 0-0 Nxe4} (7... Nxe5 8. Rxe5 O-O 9. d4 Bf6 10. Re1 Nf5 11. d5 d6 12. Nd2 Re8 13. Ne4 Bd7 14. c3 h6 15. Bd3 Nh4 16. g3 Ng6 17. f4 c6 18. Be3 {½-½ (70) Anand,V (2786)-Kramnik,V (2808) Leuven 2017}) 8. c3 Nxe5 9. Rxe5 d6 10. Re1 O-O 11. d4 d5 12. Bf4 {LiveBook: 37 Games} c5 13. Bd3 c4 14. Bc2 $146 ({Predecessor:} 14. Bf1 Be6 15. Nd2 {½-½ (26) Schneider,L (2420)-Ekstroem,R (2385) Boras 1979}) 14... Be6 15. Nd2 Nh4 16. Bg3 (16. g3 $5 {[%cal Rg3h4]} Ng6 17. Qh5 $14) 16... Nf5 17. Bf4 Nh4 18. Bg3 Nf5 1/2-1/2

[Event "8th Danzhou Super GM 2017"]
[Site "Hainan"]
[Date "2017.07.18"]
[Round "9"]
[White "Ponomariov, Ruslan"]
[Black "Wang, Hao"]
[Result "1/2-1/2"]
[WhiteElo "2699"]
[BlackElo "2698"]
[Annotator "TA"]
[PlyCount "113"]
[EventDate "2017.??.??"]
[EventCountry "CHN"]
[SourceTitle "playchess.com"]
[Source "ChessBase"]
[SourceQuality "1"]

{[%evp 29,113,0,8,8,9,0,0,0,0,0,0,0,23,20,36,0,93,107,87,94,82,76,108,60,111,112,122,124,130,124,129,135,116,128,154,87,104,112,109,104,141,148,147,122,130,85,122,92,126,104,104,103,126,83,76,75,91,84,110,95,100,92,102,75,75,75,77,75,85,80,78,80,70,81,66,66,68,68,73,0,0,8,8,0,0,0]} 1. e4 c5 2. Nf3 d6 3. d4 cxd4 4. Nxd4 Nf6 5. Nc3 a6 6. Be3 Ng4 7. Bc1 Nf6 8. f3 e5 9. Nb3 Be6 10. Be3 h5 11. Nd5 {B90: Sicilian Najdorf: Unusual White 6th moves, 6 Be3 Ng4 and 6 Be3 e5} Bxd5 12. exd5 Nbd7 13. Qd2 g6 14. O-O-O (14. Be2 Bg7 15. O-O b6 16. c4 O-O 17. Rac1 a5 18. Qd1 a4 19. Nd2 Nc5 {0-1 (46) Topalov,V (2749)-Vachier Lagrave,M (2796) Paris 2017}) 14... Nb6 15. Qa5 Bh6 {LiveBook: 6 Games} 16. Bxh6 Rxh6 17. Qd2 Rh8 18. f4 exf4 19. Qxf4 Kf8 $146 20. Bd3 {[#] Black must now prevent Rhf1.} Nbxd5 21. Qg5 {Hoping for Rhf1.} Qb6 22. Bxg6 Qe3+ (22... fxg6 $11 23. Rhf1 Kg7) 23. Qxe3 $16 Nxe3 24. Rxd6 Ke7 25. Rd3 Nxg2 26. Rg3 Nf4 ({Black should play} 26... Rhg8 $14 27. Rxg2 Rxg6 28. Re1+ Kd7) 27. Re1+ Kf8 28. Rf3 Nxg6 29. Rxf6 Kg7 30. Ref1 Ne5 31. Nc5 b5 {[#]} 32. Nd7 (32. R6f5 $142 $1 {[%cal Rf5e5]} Rhe8 33. Rxh5) 32... Rhe8 33. Nxe5 Rxe5 34. Rxf7+ {[%mdl 4096] Endgame KRR-KRR} Kg6 35. h4 {[%csl Gf7][%cal Rf1f6]} Re6 36. R7f4 Rc8 37. R1f2 Re1+ 38. Kd2 Rb1 39. b3 Rh1 40. a4 Rc6 41. axb5 axb5 42. Rg2+ Kh6 43. Re4 Rh3 44. Rb4 Rh1 45. Rf4 Rh3 46. Re4 Rhc3 47. Kd1 Rh3 48. Rd4 Rh1+ 49. Kd2 Rh3 50. b4 Rh1 51. Rd8 {[%cal Rd8h8]} Kh7 52. Rd5 Rxh4 53. Rxb5 Kh6 54. Kd3 (54. Rb8 $16 {[%cal Rb8h8]} Rd4+ 55. Kc1) 54... Rhc4 $11 {The position is equal.} 55. Rb8 {[%cal Rb8h8]} Kh7 56. Rb7+ (56. Rh2 $5 {[%cal Rh2h5]}) 56... Kh6 57. Rb8 {Precision: White = 59%, Black = 70%.} (57. Rb6 $5 {[%cal Rb6c6]} Rc3+ 58. Kd4 Rxc2 59. Rxc6+ Rxc6 60. Rg1 $16) 1/2-1/2

[Event "8th Danzhou Super GM 2017"]
[Site "Hainan"]
[Date "2017.07.18"]
[Round "9"]
[White "Lu, Shanglei"]
[Black "Ivanchuk, Vassily"]
[Result "1/2-1/2"]
[WhiteElo "2638"]
[BlackElo "2729"]
[Annotator "TA"]
[PlyCount "54"]
[EventDate "2017.??.??"]
[EventCountry "CHN"]
[SourceTitle "playchess.com"]
[Source "ChessBase"]
[SourceQuality "1"]

{[%evp 14,54,24,25,47,14,6,-4,0,0,0,0,0,0,0,0,0,0,0,0,0,0,13,0,18,19,18,0,0,0,0,0,0,0,0,-3,0,-22,0,-5,0,-25,0]} 1. e4 e5 2. Nf3 Nc6 3. Bc4 Nf6 4. d3 Be7 5. O-O O-O 6. Nc3 d6 7. a3 h6 {C55: Two Knights: 4 d3, 4 d4 exd4 5 e5 and Max Lange Attack} (7... Be6 8. Nd5 a5 9. Ng5 Bxd5 10. exd5 Nb8 11. f4 Nbd7 12. Ba2 a4 13. Kh1 c6 14. dxc6 bxc6 15. fxe5 Nxe5 {½-½ (45) Nepomniachtchi,I (2767)-Rapport,R (2702) Wijk aan Zee 2017}) 8. h3 {LiveBook: 8 Games} Re8 9. Nh2 Be6 {The position is equal.} 10. Ng4 $146 ({Predecessor:} 10. Bxe6 fxe6 11. f4 exf4 12. Bxf4 Rf8 13. Ng4 Qe8 {½-½ (21) Riccobon,E (2004)-Eder,M (2156) Trieste 2016}) 10... Bxc4 11. dxc4 Nxg4 12. Qxg4 Bg5 13. Nd5 Bxc1 14. Raxc1 Nd4 15. c3 Ne6 16. h4 Kh8 17. Rcd1 Qc8 18. Rfe1 Nf4 19. Qxc8 Raxc8 20. Nxf4 exf4 $11 {[%mdl 4096] Endgame KRR-KRR} 21. Rd5 g6 22. f3 Kg7 23. Red1 b6 24. Kf2 Kf6 25. Kf1 Kg7 26. Kf2 Kf6 27. Kf1 Kg7 {Precision: White = 60%, Black = 33%.} 1/2-1/2